MARC

LEADER 00000nam0a2200000 4500
001 91555
005 20231031104134.0
020 |a RU  |b 86-71294 
035 |a (RuTPU)RU\TPU\book\98143 
090 |a 91555 
100 |a 20060227d1986 km y0rusy5003 ca 
101 0 |a rus 
102 |a RU 
105 |a a z 001zy 
200 1 |a Огнеупорные растворы на фосфатных связующих  |f В. А. Копейкин, В. С. Климентьева, Б. Л. Красный 
210 |a Москва  |c Металлургия  |d 1986 
215 |a 102 с.  |c ил. 
320 |a Библиогр.: с. 96-100 
610 1 |a огнеупорные растворы 
610 1 |a состав 
610 1 |a свойства 
610 1 |a склеивание 
610 1 |a испытания 
610 1 |a фосфатные связующие 
610 1 |a дисперсные системы 
610 1 |a физико-механические свойства 
610 1 |a добавки 
610 1 |a влияние 
610 1 |a наполнители 
675 |a 666.76  |z rus  |v 3 
700 1 |a Копейкин  |b В. А.  |g Владимир Алексеевич  |4 070 
701 1 |a Климентьева  |b В. С.  |g Валентина Сергеевна 
701 1 |a Красный  |b Б. Л.  |g Борис Лазаревич 
801 0 |a RU  |b RuMRKP  |c 19950704  |g psbo 
801 1 |a RU  |b 63413507  |c 20060227  |g PSBO 
801 2 |a RU  |b 63413507  |c 20060306  |g PSBO 
942 |c BK